| 000 | 01308nam a22002057a 4500 | ||
|---|---|---|---|
| 999 |
_c63401 _d63401 |
||
| 003 | Ge_BSU | ||
| 005 | 20250930162730.0 | ||
| 008 | 250930s1968 ge ||||| |||| 00| 0 geo d | ||
| 041 | _ageo | ||
| 080 | _a631.5/9(479.22) ხ-29 | ||
| 100 |
_aხასია, ბ. _925906 |
||
| 245 |
_aსოციალისტური მიწათმოქმედების განვითარება საქართველოში. [წ.] 2 / _cბ. ხასია; [რედ.: ა. ნუცუბიძე]; საქ. სსრ მეცნ. აკად., ეკონომიკის ინ-ტი. |
||
| 264 |
_aთბილისი : _bმეცნიერება, _c1968. |
||
| 300 |
_a393 გვ.; _b22 სმ. |
||
| 500 | _aსაძიებლები: საკუთარ სახელთა, გეოგრაფიული, საგნობრივი გვ. 382-393. | ||
| 653 | _aმიწათმოქმედება საქართველოში. | ||
| 700 |
_aნუცუბიძე, ა. _eრედაქტორი _920876 |
||
| 710 |
_aსაქართველოს სსრ მეცნიერებათა აკადემია. კონომიკის ინსტიტუტი _925907 |
||
| 942 |
_2udc _cᲬᲘᲒᲜᲘ |
||